000 00589nam a2200193Ia 4500
003 GCL
008 140319s9999 xx 000 0 ara d
040 _aGCL /
_cGCL
082 0 4 _a327.101
_bب ح
100 1 _aبطرس بطرس غالى
245 1 0 _aالحكومة العالمية /
_cبطرس بطرس غالى
260 _a[S.N] :
_bدار المعارف
300 _a95 ص
490 _aكتب اكتوبر
_v0
650 0 4 _aالسياسة الدولية
650 0 4 _aالاسلام والسياسة
650 0 4 _aالنظام العالمى الحديث
942 _2ddc
_cBK
999 _c28089
_d28089